| 000 | 00736nam a22002777a 4500 | ||
|---|---|---|---|
| 001 | BR9800814 | ||
| 003 | BR-BrBNA | ||
| 005 | 20230928095818.0 | ||
| 007 | ta | ||
| 008 | 230509b bl.||||| |||| 00| 0 por d | ||
| 040 |
_aBR-BrBNA _bpor _cBiblioteca Nacional de Agricultura |
||
| 041 | _a(Por) | ||
| 072 | _aP01; D50 | ||
| 090 | _ P01 BR9800814 | ||
| 100 | 1 | _aSilva, M. | |
| 110 | 1 |
_aSenado Federal, Brasilia, DF (Brasil) _99266 |
|
| 245 | 1 | _aA luta ambiental de maos dadas com a justica social | |
| 260 | 3 |
_aBrasilia, DF (Brasil): _c1996. |
|
| 300 | _a16 p. | ||
| 650 | _aMeio Ambiente | ||
| 650 | _aPolitica Ambiental | ||
| 650 | _aLegislacao | ||
| 650 | _aNorte | ||
| 909 |
_a202309 _bLucia _c55 _dLucia Elande |
||
| 942 | _cBK | ||
| 999 |
_c58785 _d58785 |
||